000 00381nam a2200145Ia 4500
008 100204s9999 xx 000 0 und d
082 _b84
100 _aरानडे जयंत
245 _aचरस
260 _b"उदयदीप प्रकाशन , मुंबई"
_c1978
300 _a156
630 _aचरस
730 _aचरस
942 _cBOOK
999 _c445281
_d445278